Лесная и лесостепная зоны Восточной Европы в эпохи римских влияний и великого переселения народов (Запись № 11409485)
[ простой вид ]
| 000 -МАРКЕР | |
|---|---|
| контрольное поле | 02147nam1a2200289 i 4500 |
| 001 - ИДЕНТИФИКАТОР ЗАПИСИ | |
| контрольное поле | RU\NLR\BIBL_A\011099001 |
| 005 - ИДЕНТИФИКАТОР ВЕРСИИ | |
| контрольное поле | 20260407055003.0 |
| 035 ## - ДРУГИЕ СИСТЕМНЫЕ НОМЕРА | |
| Идентификатор записи | (NLR Aleph) 011099001 |
| 100 ## - ДАННЫЕ ОБЩЕЙ ОБРАБОТКИ | |
| Данные общей обработки | 20160211g20159999k y0rusy50 ca |
| 101 0# - ЯЗЫК РЕСУРСА | |
| Язык текста, звукозаписи и т.д. | русский |
| 102 ## - СТРАНА ПУБЛИКАЦИИ ИЛИ ПРОИЗВОДСТВА | |
| Страна публикации | российская федерация |
| 105 ## - ПОЛЕ КОДИРОВАННЫХ ДАННЫХ: ТЕКСТОВЫЕ МАТЕРИАЛЫ, МОНОГРАФИЧЕСКИЕ | |
| Кодированные данные о монографическом текстовом документе | ||||z|||||||| |
| 200 1# - ЗАГЛАВИЕ И СВЕДЕНИЯ ОБ ОТВЕТСТВЕННОСТИ | |
| Основное заглавие | Лесная и лесостепная зоны Восточной Европы в эпохи римских влияний и великого переселения народов |
| Сведения, относящиеся к заглавию | конференция 4, [13-17 ноября 2012 г. |
| Первые сведения об ответственности | ред.: И.О. Гавритухин, к.и.н. А.М. Воронцов] |
| Сведения, относящиеся к заглавию | сборник научных статей |
| 210 ## - ПУБЛИКАЦИЯ, РАСПРОСТРАНЕНИЕ И ДР. | |
| Место издания, распространения и т.д. | Тула |
| Имя издателя, распространителя и т. д. | Государственный военно-исторический и природный музей-заповедник "Куликово поле" |
| Дата издания, распространения и т.д. | 2015 |
| 215 ## - ФИЗИЧЕСКАЯ ХАРАКТЕРИСТИКА | |
| Размеры | 30 |
| 300 ## - ОБЩИЕ ПРИМЕЧАНИЯ | |
| Текст примечания | В надзаг.: Гос. воен.-ист. и природ. музей-заповедник "Куликово поле", Рос. акад. наук, Ин-т археологии |
| 607 ## - ГЕОГРАФИЧЕСКОЕ НАИМЕНОВАНИЕ КАК ПРЕДМЕТ | |
| Географическое наименование | Европа Восточная |
| Формальный подзаголовок | Съезды, совещания и т.п. |
| Тематический подзаголовок | Археологические исследования |
| Хронологический подзаголовок | Железный век |
| Системный номер авторитетной/нормативной записи | 2102811 |
| Идентификатор авторитетной/нормативной записи | RU\NLR\AUTH\661575204 |
| 686 1# - ИНДЕКСЫ ДРУГИХ КЛАССИФИКАЦИЙ | |
| Индекс | Т4(2)273я431 |
| 702 #1 - ИМЯ ЛИЦА - ВТОРИЧНАЯ ОТВЕТСТВЕННОСТЬ | |
| Код отношения | Редактор |
| Графика поля | Кириллица |
| Материалы, к которым относится поле | rus |
| Начальный элемент ввода | Гавритухин |
| Часть имени, кроме начального элемента ввода | И. О. |
| Даты | 1960- |
| Расширение инициалов личного имени | Игорь Олегович |
| Системный номер авторитетной/нормативной записи | 168576 |
| Идентификатор авторитетной/нормативной записи | RU\NLR\AUTH\770168625 |
| 711 12 - НАИМЕНОВАНИЕ ОРГАНИЗАЦИИ - АЛЬТЕРНАТИВНАЯ ОТВЕТСТВЕННОСТЬ | |
| Начальный элемент ввода | "Лесная и лесостепная зоны Восточной Европы в эпохи римских влияний и Великого переселения народов", международная конференция |
| Порядковый номер временной организации и / или порядковый номер ее части | 4 |
| Место проведения временной организации | с. Монастырщино, Тульская обл. |
| Дата проведения временной организации | 2012 |
| Системный номер авторитетной/нормативной записи | 506479 |
| Идентификатор авторитетной/нормативной записи | RU\NLR\AUTH\880420755 |
| 712 02 - НАИМЕНОВАНИЕ ОРГАНИЗАЦИИ - ВТОРИЧНАЯ ОТВЕТСТВЕННОСТЬ | |
| Код отношения | Издающая организация |
| Начальный элемент ввода | "Куликово поле", государственный военно-исторический и природный музей-заповедник |
| Идентифицирующий признак | Тульская обл. |
| Идентификатор авторитетной/нормативной записи | RU\NLR\AUTH\8810025438 |
| Системный номер авторитетной/нормативной записи | 549117 |
| 852 ## - МЕСТОНАХОЖДЕНИЕ И ШИФР ХРАНЕНИЯ | |
| Идентификатор организации | NLR |
| Шифр хранения (Call Number) | 2016-8/487 |
| 942 ## - ДОПОЛНИТЕЛЬНЫЕ ЭЛЕМЕНТЫ ЗАПИСИ (АБИС) | |
| Тип экземпляра АБИС | Книга |
Нет доступных экземпляров.